LEADER 01054nam a2200205 i 4500 001 000000251772 003 CaOOAMICUS 005 20161201000000.0 008 161201s1804 it u000 u ita u 013 $a230677 026 $aE.SE r-o, cire sctu (7) 1804 (R) 040 $aSeMil$bita 245 10$aTomo 17. 300 $a403, [1] p. 500 $aContiene: Pietro Verri, Memorie storiche sulla economia pubblica dello stato di Milano; Osservazioni sulla tortura; Degli elementi del commercio; Considerazioni sul lusso. - Segn.: [A]8 B-2B8 2C2. 773 0 $tScrittori classici italiani di economia politica.$dMilano : Nella Stamperia e Fondria di G. G. Destefanis, a san Zeno n. 534, 1803-1816.$g24$w()33494 773 0 $tScrittori classici italiani di economia politica. Parte moderna.$dMilano : Nella Stamperia e Fonderia di G. G. Destefanis, a san Zeno n. 534, 1803-1805.$g17$w()33495 850 $aSeMil 852 $aSeMil$W1$xVenegono$y1$m3M II 17 FA$j202118$B202118$CSeMilBibl$Z2$F214724 $8I 996 $6245$aTomo 17.$9(OLS)http://semarc/title/298343 LEADER 01176nam a2200253 i 4500 001 000000190550 003 CaOOAMICUS 005 20100621000000.0 008 100621s1985 it u000 u ita u 013 $a168963 020 $a88-311-5419-2 040 $aSeMil$bita 100 1 $aDeppe, Norbertine.$0(OLS)http://semarc/name/69666 245 10$aPaolina Di Mallinckrodt :$bla «Madre dei ciechi». Fondatrice delle Suore della Carità Cristiana /$cNorbertine Deppe, Giovanna D'Amico. 260 $aRoma :$bCittà Nuova,$ccopyr. 1985. 300 $a107 p., [8] p. di tav. ;$c20 cm. 500 $aContiene : Nota bibliografica. 650 4$aMallinckrodt, Pauline : von .$0(OLS)http://semarc/subject/35923 700 1 $aD'Amico, Giovanna.$0(OLS)http://semarc/name/41306 850 $aSeMil 852 $aSeMil$W1$xVenegono$y1$m3H I 319$j141167$B141167$CSeMilBibl$Z2$F152774 $81 996 $6020$a88-311-5419-2$9(OLS)http://semarc/number/181494 996 $6245$aPaolina Di Mallinckrodt :$bla «Madre dei ciechi». Fondatrice delle Suore della Carità Cristiana$9(OLS)http://semarc/title/274510 996 $6260$aRoma :$bCittà Nuova$9(OLS)http://semarc/publisher/29609 LEADER 00869nam a2200241 i 4500 001 000000124988 003 CaOOAMICUS 005 20241203143247.0 008 040405s1962 it u000 u ita u 013 $a97686 040 $aSeMil$bita 100 1 $aCronin, Archibald Joseph,$d<1896-1981>.$0(OLS)http://semarc/name/17013 240 14$aThe Judas tree.$0(OLS)http://semarc/title/184019 245 12$aL'albero di Giuda /$cRomanzo di A. J. Cronin. 250 $a2. ed. 260 $aMilano :$bBompiani,$c1962. 300 $a435 p. ;$c21 cm. 850 $aSeMil 852 $aSeMil$W1$xVenegono$y1$m1W II 167$j257890$B79491$CSeMilBibl$Z2$F81725 $81 961 $aRecupero: Biblioteca Seminario Liceale 996 $6245$aL'albero di Giuda$9(OLS)http://semarc/title/184018 996 $6260$aMilano :$bBompiani$9(OLS)http://semarc/publisher/29706